Дело по предписанию господина директора о выдаче господину надворному советнику Урель 300 рублей за переведенную им драму "Нелли...

Доступно только в Электронных читальных залах Найти на картеНа карте
RUSMARC
00003785nmc2a22000003x 450
0011218d474-d7f6-4e7c-ac08-85c7426966d9
00520181225133322.0
100##$a20170628l18461846k l0rusy0189 ca
1010#$arus
102##$aRU
2001#$aДело по предписанию господина директора о выдаче господину надворному советнику Урель 300 рублей за переведенную им драму "Нелли" и принятую к театрам
$j15 февраля 1846 г.
251##$cДело
300##$aПо Санкт-Петербургской дирекции за 1846 год
300##$aДело
801#0$aRU
$bРГИА
$c20170628
$gRCR
801#1$aRU
$bГлавНИВЦ
$c20170628
$2rusmarc
801#2$aRU
$bПБ им. Б.Н. Ельцина
$c20181225
$gRCR
$2rusmarc
850##$aРГИА
852##$aРГИА
$eФедеральное казенное учреждение "Российский государственный исторический архив" (РГИА)
$j10820
937##$hРГИА
$d12246654
$aASBIBLIO_SCAN
462#0$1001dd3991dc-24e1-42ec-8838-ca4255420416
$12001
$a1746-1850 гг.
$1251
$cОпись
$1852
$j1
461#0$10019264ebf8-de62-4f1a-9eb4-9f22098dbbd5
$12001
$aДирекция императорских театров МИДв
$1251
$cФонд
$1852
$j497
215##$a2 л.
$d36,5х26 см
371##$aДокумент не является опубликованным и широко распространяемым
105##$ay###
1220#$ad
035##$a1218d474-d7f6-4e7c-ac08-85c7426966d9
856##$uhttp://readingroom.main.prlib.ru/item.aspx?id_node=n122323205&mode=full
Формат отображения